01542nam a2200289 i 4500003001000000005001700010007000300027008004100030020001800071040003500089041000800124082002000132245004300152250002600195264005900221300002500280336002700305337003300332338002800365505064300393521004201036545006001078650003201138650002301170650002101193700003801214CO-BoRNBP20220317000352.0ta210827s20142019ck 0 ser s dspa d a9789587047202 aCO-BoRNBPbspaerdacCO-BoRNBP0 aspa04a808.51bS1122300aSaber hablarcAntonio Briz coordinador aSegunda reimpresión 1aBogotá, ColombiabAguilarbInstituto Cervantesc2019 a270 páginasc24 cm atextobtxt2rdacontent asin mediaciónbn2rdamedia avolumenbnc2rdacarrier00aCap. 1. ¿Qué es saber hablar? -- Cap. 2. Hablar correctamente -- Cap. 3. La producción del discurso oral: la claridad -- Cap. 4. La producción del discurso oral: la claridad en la expresión -- Cap. 5. Elementos eternos a la producción oral -- Cap. 6. Imagen personal y cortesía al hablar : las relaciones con los interlocutores -- Cap.7 Géneros discursivos: I. En el ámbito científico-académico y profesional: monológicos -- Cap. 8. Géneros discursivos: II. En el ámbito científico-académico y profesional: dialógicos -- Cap. 9. Géneros discursivos: III. Los géneros discursivos en el ámbito social aRecomendado para un público adulto  aIncluye datos biográficos de los autores en la solapa17aComunicación oral2ARMARC17aRetórica2ARMARC17aOratoria2ARMARC1 aBriz, Antoniod1958-ecoordinador